| 000 | 00851nas a2200301 4500 | ||
|---|---|---|---|
| 001 | BR2011003113 | ||
| 003 | BR-BrBNA | ||
| 005 | 20231205115353.0 | ||
| 007 | ta | ||
| 008 | 230509b bl.|||p| |||| 00| 00por d | ||
| 040 |
_aBR-BrBNA _bpor _cBiblioteca Nacional de Agricultura |
||
| 041 | _a(Pt) | ||
| 072 | _aH60 | ||
| 100 | 1 | _aRonchi, C.P. | |
| 100 | 1 | _aSilva, A.A. | |
| 100 | 1 | _aSerrano, L.A.L. | |
| 100 | 1 | _aCattaneo, L.F. | |
| 100 | 1 | _aSantana, E.N. | |
| 100 | 1 | _aFerreguetti, G.A. | |
| 245 | 1 | _aManejo de plantas daninhas na cultura do mamoeiro | |
| 650 | _aMAMÃO | ||
| 650 | _aERVA DANINHA | ||
| 650 | _aCONTROLE INTEGRADO | ||
| 650 | _aHERBICIDA | ||
| 773 | 0 |
_tPlanta Daninha (Brazil) _xISSN 0100-8358 _g(Oct-Dec 2008), v. 26(4) p. 937-947 _wBR2011003113 |
|
| 909 |
_a202311 _bLúcia _c55 _dLúcia Elande |
||
| 942 |
_2AGRIS _n0 _cANA |
||
| 999 |
_c213444 _d213444 |
||